Estadísticas para Jugadores de la Selección Uruguaya de Fútbol por Foto

Haz click aquí para intentar la prueba.

Estadísticas generales

  • Esta prueba ha sido intentada 187 veces
  • La puntuación promedio es 15 de 20

Estadísticas de respuestas

Respuesta% Correcto
Luis Suárez
100%
Diego Forlán
98%
Edinson Cavani
98%
Federico Valverde
98%
Diego Godín
96%
Fernando Muslera
93%
Ronald Araujo
93%
Darwin Núñez
91%
José María Gimenez
80%
Martín Cáceres
75%
Sebastián Abreu
74%
Rodrigo Bentancur
70%
Cristian Rodríguez
65%
Facundo Pellistri
59%
Giorgian De Arrascaeta
54%
Sergio Rochet
52%
Sebastián Coates
44%
Matías Vecino
42%
Matías Viña
36%
Maximiliano Pereira
36%

Distribución de puntuación

Porcentaje por número respondido

Porcentaje de gente con cada puntuación

Historial de tus puntuaciones

No has intentado esta prueba.